TFF guide to good relations (Record no. 108666)

MARC details
000 -LEADER
fixed length control field 01116cam a22002175a 4500
001 - CONTROL NUMBER
control field E145001
008 - FIXED-LENGTH DATA ELEMENTS--GENERAL INFORMATION
fixed length control field 080829s2007 xxko f 000 0 eng d
035 ## - SYSTEM CONTROL NUMBER
System control number (Sirsi) u145001
041 0# - LANGUAGE CODE
Language code of text/sound track or separate title eng
050 04 - LIBRARY OF CONGRESS CALL NUMBER
Classification number 630.09411 $2 18
110 2# - MAIN ENTRY--CORPORATE NAME
Corporate name or jurisdiction name as entry element Tenant Farming Forum
9 (RLIN) 4640
245 00 - TITLE STATEMENT
Title TFF guide to good relations
Remainder of title between landlord and tenant
Medium [electronic resource]
260 ## - PUBLICATION, DISTRIBUTION, ETC.
Place of publication, distribution, etc. Edinburgh
Name of publisher, distributor, etc. Tenant Farming Forum
Date of publication, distribution, etc. 2007
505 2# - FORMATTED CONTENTS NOTE
Formatted contents note Introduction -- Letting -- Setting rents -- Improvements -- Repairs -- Diversification -- Sportings -- Resumptions -- Assignations -- Succession -- Waygoing
520 ## - SUMMARY, ETC.
Summary, etc. Guidance which seeks to promote a good working relationship between landlords and tenants of agricultural holdings in Scotland. Emphasises the need for good communication, mutual respect and putting agreements down in writing.
521 ## - TARGET AUDIENCE NOTE
Target audience note Introductory
651 #4 - SUBJECT ADDED ENTRY--GEOGRAPHIC NAME
Geographic name Scotland
Chronological subdivision 1999-
690 ## - LOCAL SUBJECT ADDED ENTRY--TOPICAL TERM (OCLC, RLIN)
Topical term or geographic name as entry element ENVIRONMENTAL AND LAND CONSULTANCY-AGRIBUSINESS-AGRICULTURE
856 48 - ELECTRONIC LOCATION AND ACCESS
Uniform Resource Identifier <a href="https://www.tenantfarmingforum.org.uk/tff/pubs.aspx">https://www.tenantfarmingforum.org.uk/tff/pubs.aspx</a>
Public note View the guidance free of charge at www.tenantfarmingforum.org.uk...
942 ## - ADDED ENTRY ELEMENTS (KOHA)
Suppress in OPAC 0
Holdings
Withdrawn status Lost status Source of classification or shelving scheme Damaged status Not for loan Home library Current library Shelving location Date acquired Total Checkouts Full call number Barcode Date last seen Copy number Price effective from Koha item type
    Dewey Decimal Classification     Virtual Virtual Online 29/08/2008   ONLINE PUBLICATION 145001-2001 06/08/2019 1 06/08/2019 Book